000
00319nam a22001337a 4500
003
SGT
082
_a
615.53
_b
K16S
100
_a
SARSWATI,SWAMI PRAKHARA PRAJNANANDA
245
_a
KUNDALINI SADHANA ( AMRIT KALASH)
260
_a
VARANASI
_b
CHAUKHAMBHA PUB
_c
2016
300
_a
174
650
_a
AYURVEDA
942
_2
ddc
_c
BK
999
_c
14426
_d
14426